Countries by First and last Letter - Statistics

General Stats
  • This quiz has been taken 1,621 times
  • The average score is 16 of 24
Answer Stats
Hint Answer % Correct
D _ _ _ _ _ K: Europe Denmark
90%
F _ _ I: Oceania Fiji
90%
O _ _ N: Asia Oman
84%
Q _ _ _ R: Asia Qatar
84%
J _ _ _ _ _ A: N. America Jamaica
83%
Y _ _ _ N: Asia Yemen
82%
Z _ _ _ _ _ _ E: Africa Zimbabwe
80%
U _ _ _ _ _ Y: S. America Uruguay
78%
P _ _ _ _ _ _ Y: S. American Paraguay
73%
B _ _ _ _ _ _ _ _H: Asia Bangladesh
72%
H _ _ _ _ _ _ S: N. America Honduras
72%
K _ _ _ _ O: Europe Kosovo
71%
T _ _ O: Africa Togo
68%
R _ _ _ _ A: Africa Rwanda
63%
L _ _ _ _ _ O: Africa Lesotho
62%
E _ _ _ _ _ A: Europe Estonia
61%
I _ _ _ _ L: Asia Israel
58%
A _ _ _ _ _ A: Asia Armenia
55%
V _ _ _ _ _ U: Oceania Vanuatu
55%
N _ _ _ _ _ _ _ A: N. America Nicaragua
54%
M _ _ _ _ _ O: Africa Morocco
53%
G _ _ _ _ _ A: Asia Georgia
42%
S _ _ _ _ _ _ / _ _ _ _ _ _ S: Oceania Solomon Islands
42%
C _ _ _ _S: Asia Cyprus
36%
No matching quizzes found
Score Distribution
Percent of People with Each Score
Percentile by Number Answered
Your Score History
You have not taken this quiz